| 000 | 00475nam a2200181Ia 4500 | ||
|---|---|---|---|
| 008 | 240729s9999 xx 000 0 und d | ||
| 022 | _a2057-5858 | ||
| 245 | 0 | _aMicrobial Genomics | |
| 260 | _aUnited Kingdom | ||
| 260 | _bMicrobiology Society | ||
| 650 | _a Biology (General) | ||
| 650 | _a Genetics | Science | ||
| 650 | _a Microbiology | ||
| 650 | _aScience | ||
| 856 | _uhttps://doaj.org/toc/d04cc5dcb20747229bdcb9d63f354444 | ||
| 942 | _2ddc | ||
| 942 | _cDOAJEJ | ||
| 999 |
_c68805 _d68805 |
||
| 945 |
_a1 _bMadushi Gamage _c1 _dMadushi Gamage |
||